000 00457nam a22001697a 4500
005 20170306143301.0
008 170306b xxu||||| |||| 00| 0 eng d
020 _a9780729541596
040 _cPK-LaUMT
082 _a615.82
_bHIN-M
100 _aHing , Wayne
245 _aThe milligan concept of manual theraphy:
_btextbook of techniques/
_cWayne Hing [et al]
260 _aVictoria:
_bElsevier,
_c2015
300 _a505 p.
546 _aEN
942 _cBK
999 _c91440
_d91440